| 000 | 00000nam##2200000za#4500 |
| 001 | 9.642590 |
| 003 | CaOODSP |
| 005 | 20210624223758 |
| 007 | cr ||||||||||| |
| 008 | 150407|2011||||xxc|||||o f|0| 0 fre|d |
| 040 | |aCaOODSP|bfre |
| 043 | |an-cn--- |
| 086 | 1 |aR5-13/2011F-PDF |
| 110 | 1 |aCanada.|bAffaires indiennes et du Nord. |
| 245 | 10|aVérificateur général des affaires autochtones : |h[ressource électronique]|bdocument de travail préparé pour AADNC Comité de vérification, juin 2011 |
| 260 | |aOttawa - Ontario : |bAffaires indiennes et du Nord |cJuin 2011. |
| 300 | |a22p.|bfigures en couleur, références |
| 590 | |a13-28-Supp|b2013-12-09 |
| 775 | 08|tAboriginal Auditor General : |w(CaOODSP)9.698583 |
| 856 | 40|ahttp://publications.gc.ca|qPDF|s298 Ko|uhttps://publications.gc.ca/collections/collection_2013/aadnc-aandc/R5-13-2011-fra.pdf |